| 000 | 00880nas a2200277 4500 | ||
|---|---|---|---|
| 001 | BR9802069 | ||
| 003 | BR-BrBNA | ||
| 005 | 20231205100729.0 | ||
| 007 | ta | ||
| 008 | 230509b bl.|||p| |||| 00| 00por d | ||
| 040 |
_aBR-BrBNA _bpor _cBiblioteca Nacional de Agricultura |
||
| 041 | _a(Pt) | ||
| 072 | _aL72 | ||
| 100 | 1 | _aCosta, C.L. da | |
| 100 | 1 | _aKohayagawa, A. | |
| 100 | 1 | _aDell'Porto, A. | |
| 100 | 1 | _aBomfim, S.R.M. | |
| 245 | 1 | _aDeterminacao dos niveis de Anticorpo anti-Babesia spp. um bezerros bubalinos (Bubalus bubalis), desde o nascimento ate um ano de idade | |
| 650 | _aBufalo | ||
| 650 | _aBabesiose | ||
| 650 | _aImunidade | ||
| 650 | _aBoro | ||
| 773 | 0 |
_tRevista Brasileira de Parasitologia Veterinaria (Brazil) _xISSN 0103-846X _g(Aug 1997), v. 6(2) p. 117-121 _wBR9802069 |
|
| 909 |
_a202311 _bLúcia _c55 _dLúcia Elande |
||
| 942 |
_2AGRIS _n0 _cANA |
||
| 999 |
_c157729 _d157729 |
||